LEADER 01170nam0 22002771i 450 001 UON00322981 005 20231205104148.355 010 $a978-88-244-6094-1 100 $a20090417d2008 |0itac50 ba 101 $aita 102 $aIT 105 $a|||| ||||| 200 1 $aCodice breve dell'Unione Europea$eaggiornato alla L.25 febbraio 2008, n.34 (Disposizioni per l'adempimento di obblighi derivanti dall'appartenenza dell'Italia alle Comunità europee - Legge comunitaria 2007)$fa cura di Antonio Verrilli 205 $aQuarta edizione 210 $aNapoli$cEsselibri Simone$d2008 215 $a862 p.$d15 cm. 606 $aUnione Europea$xDiritto$xCodici$3UONC071450$2FI 620 $aIT$dNapoli$3UONL000012 702 1$aVERRILLI$bAntonio$3UONV145552 712 $aEsselibri Simone$3UONV265641$4650 801 $aIT$bSOL$c20250207$gRICA 899 $aSIBA - SISTEMA BIBLIOTECARIO DI ATENEO$2UONSI 912 $aUON00322981 950 $aSIBA - SISTEMA BIBLIOTECARIO DI ATENEO$dSI COD 0013 $eSI SC 45188 7 0013 996 $aCodice breve dell'Unione Europea$91371992 997 $aUNIOR